000
002700000a22000970004500
100
1
_a
Padilla, C. René
245
1
0
_a
La misión crisriana quinientos años después
300
_a
Vol. 11, Num 2 (Abril-Junio, 1992) Páginas 4-5
773
0
_t
Iglesia y Misión
942
_c
ANA
999
_c
51955
_d
51955